GCSE Design & Technology Graphic Products: Complete Revision and Practice (Record no. 5583)

MARC details
005 - DATE AND TIME OF LATEST TRANSACTION
control field 20250627095457.0
020 ## - INTERNATIONAL STANDARD BOOK NUMBER
International Standard Book Number 978-1-84146-389-6
082 ## - DEWEY DECIMAL CLASSIFICATION NUMBER
Classification number 620 BAR
245 ## - TITLE STATEMENT
Title GCSE Design & Technology Graphic Products: Complete Revision and Practice
260 ## - PUBLICATION, DISTRIBUTION, ETC.
Place of publication, distribution, etc. Newcastle,
Name of publisher, distributor, etc. Coordination Group Ltd,
Date of publication, distribution, etc. 2008.
300 ## - PHYSICAL DESCRIPTION
Extent 143p.: ill.; picture,
Other physical details index,
Dimensions 29cm.
700 ## - ADDED ENTRY--PERSONAL NAME
Other authors/Editors Ed. {BARROW, K . et al....}
942 ## - ADDED ENTRY ELEMENTS (KOHA)
Source of classification or shelving scheme Dewey Decimal Classification
Koha item type Books
Holdings
Date last seen Total checkouts Full call number Barcode Cost, replacement price Price effective from Koha item type Lost status Source of classification or shelving scheme Damaged status Not for loan Withdrawn status Home library Current library Shelving location Date acquired Source of acquisition Cost, normal purchase price
06/27/2025   620 BAR MZA0001948 90000.00 06/27/2025 Books   Dewey Decimal Classification       CBE Mwanza CBE Mwanza General Collection 07/17/2011 Library Budget 30000.00